[Event "Bundesliga 0001"]
[Site "Germany"]
[Date "2001.04.01"]
[Round "13.2"]
[White "Bareev, Evgeny"]
[Black "Rozentalis, Eduardas"]
[Result "1-0"]
[WhiteElo "2702"]
[BlackElo "2570"]
[Annotator "Bareev,E"]
[PlyCount "85"]
[EventDate "2000.10.14"]
[EventType "team-tourn"]
[EventRounds "15"]
[EventCountry "GER"]
[SourceTitle "CBM 082"]
[Source "ChessBase"]
[SourceDate "2001.05.17"]
[SourceVersion "1"]
[SourceVersionDate "2001.05.17"]
[SourceQuality "1"]
[WhiteTeam "Luebeck"]
[BlackTeam "Castrop Rauxel"]
[WhiteTeamCountry "GER"]
[BlackTeamCountry "GER"]

1. c4 e6 2. Nc3 Nf6 3. e4 d5 4. e5 d4 5. exf6 dxc3 6. bxc3 Qxf6 7. Nf3 e5 8.
Bd3 Bd6 9. O-O O-O {a bit hastily,more precisly 9..Na6} 10. Be4 Nc6 11. Qc2 $1
h6 12. Rb1 $14 {there is no a convenient way to finish developing pieces for
black} Na5 13. Qa4 $1 Bf5 14. Bxf5 Qxf5 15. Rb5 b6 16. c5 Be7 17. cxb6 axb6 18.
Rxe5 {despite pawn up converting it to win is far from easy because ofweakness
on a2.} Qf6 19. Re2 $1 Bd6 20. Rfe1 $2 {i did not realize that d5 is key
square for black'queen} (20. Qc2 $1 $16) 20... Qf5 $1 21. Nd4 Qd5 22. d3 {
i don't think white can win after exanging knights.} (22. Qc2 Nc6 23. Nxc6 Qxc6
$14) 22... Rfd8 (22... c5 $5 23. Qb5 Bxh2+ 24. Kxh2 Qd6+ 25. Kg1 cxd4 26. cxd4
$14) 23. Qc2 Bf8 24. Re5 (24. Re3 Bc5 25. Re4 Nc6 26. Nxc6 Qxc6 $14) 24... Qd7
25. R5e3 c5 $6 (25... Bc5 26. Re4 f5 27. Re6 $1 (27. Rf4 g5 28. Rf3 Bxd4 29.
cxd4 Nc6 30. Qc4+ Kh7 $11) (27. Rh4 Re8 28. Rxe8+ Rxe8 $44) 27... Bxd4 28. cxd4
$14) 26. Nf3 Nc6 (26... b5 $1 {very important and strong} 27. Ne5 Qe6 $5 $14 (
27... Qb7 28. Rg3 Nc6 (28... Re8 29. Bxh6 Nc6 30. Nf3) 29. Bxh6 Nxe5 30. Rxe5
$16)) 27. Qb1 $1 Qd6 $2 28. Nd2 {now white's advantage becomes significant} Na5
29. Ne4 Qc6 30. c4 $16 Rd7 31. Nc3 Rad8 32. h3 $1 Rd6 33. Rg3 Qd7 (33... Rg6
34. Bf4 Rxg3 35. Bxg3 $16) 34. Nd5 b5 35. Bf4 $1 $18 {the last finess} (35. Bb2
Rg6 (35... bxc4 36. Nf6+ Rxf6 37. Bxf6) 36. Bf6 Rb8 37. Ne7+ Bxe7 38. Rxe7 Qf5
39. Be5) 35... Re6 (35... bxc4 36. Bxd6 Qxd6 37. dxc4 Nxc4 38. Rd3 Qc6 39. Red1
$18) 36. Rxe6 Qxe6 37. Bc7 Ra8 38. Re3 Qg6 39. Qxb5 Nc6 40. Rg3 Qe6 41. Re3 Qg6
42. Qb7 $1 Rxa2 43. Re8 {Bareev} 1-0

[Event "Bundesliga 1718"]
[Site "Germany"]
[Date "2018.04.30"]
[Round "14.4"]
[White "Bok, Benjamin"]
[Black "Van Foreest, Lucas"]
[Result "1-0"]
[WhiteElo "2611"]
[BlackElo "2489"]
[Annotator "Bok,B"]
[PlyCount "51"]
[EventDate "2017.10.21"]
[EventType "team-tourn"]
[EventRounds "15"]
[EventCountry "GER"]
[SourceTitle "CBM 184"]
[Source "ChessBase"]
[SourceDate "2018.05.16"]
[SourceVersion "1"]
[SourceVersionDate "2018.05.16"]
[SourceQuality "1"]
[WhiteTeam "Solingen"]
[BlackTeam "Aachen"]
[WhiteTeamCountry "GER"]
[BlackTeamCountry "GER"]

{This game was played in the 14th round of the 2017-18 Schachbundesliga. My
team SG Solingen and Baden-Baden were sharing the lead with 23/26 match points.
It was clear that we had to win this match and I was hoping to contribute to
team victory.} 1. c4 Nf6 2. Nc3 e6 3. e4 d5 4. cxd5 exd5 5. e5 Ne4 6. Nf3 Bf5
7. d3 {This move is the latest trend in this variation with the likes of
Carlsen, Grischuk and Kramnik playing it, so I also decided to give it a try.}
Nxc3 8. bxc3 c5 9. d4 c4 10. g3 ({A day earlier} 10. a4 {was played
inTomashevsky,E -Aronian,L Germany 2018}) 10... Be7 11. Bg2 Na6 $5 $146 {
This interesting novelty, prepared by Lucas, surprised me.} ({In my
preparation I had mostly looked at} 11... Bd3 {Carlsen,M -Aronian,L
Baden-Baden 2018}) 12. O-O b5 13. Ne1 Qd7 $1 {A precise move by Lucas.} (13...
O-O $6 {is inaccurate due to} 14. g4 $1 {and White expands on the kingside.}
Bg6 15. f4 $14) 14. Nc2 Bd3 15. Re1 ({In the event of} 15. Ne3 {Black just
plays} Nc7 ({But} 15... Bxf1 $2 {would be bad:} 16. Bxd5 $16 {and White has
tremendous compensation.})) 15... O-O 16. a3 Nc7 17. h4 $5 {I considered this
move to be interesting, my idea is to exchange the dark-squared bishops with
Bg5.} ({Another way of treating this position is} 17. Ne3 a5 18. Bd2 $13) 17...
a5 {There were many decent options here, Lucas chose the most direct approach
which is also fine.} ({He could have also opted for} 17... Rfb8 18. Bg5 Bf8 {
to preserve his dark-squared bishop.} 19. Bd2 a5 20. Ne3 $13) 18. Bg5 b4 19.
cxb4 Bxg5 (19... Bxc2 $6 {would be inaccurate, Black wins the pawn back but he
should not give up the strong bishop on d3.} 20. Qxc2 axb4 21. axb4 Bxb4 22.
Rxa8 Rxa8 23. Rb1 $14 {and White keeps some pressure.}) (19... axb4 {is a
decent alternative. Play continues:} 20. Nxb4 Bxb4 (20... Rxa3 $2 21. Bxe7 Rxa1
22. Qxa1 Qxe7 23. Nxd3 cxd3 24. Qc3 $16) 21. axb4 Rxa1 22. Qxa1 Ra8 $44 {
and Black has excellent compensation due to his strong c-pawn.}) 20. hxg5 axb4
21. Nxb4 {I was a bit surprised by the approach chosen by Lucas, as my knight
has a decent outpost now and it is not easy to prove the Black compensation.}
Bf5 22. Qd2 Ra4 23. Ra2 Rb8 ({A better move is} 23... Be6 {overprotecting the
d5-pawn and thus enabling the knight to move to b5 on the next move.}) 24. Rea1
Qb5 $6 {A serious mistake which puts Black in a very difficult situation} ({
After} 24... Rba8 {Black keeps decent compensation for the pawn as it is
difficult for White to make progress.}) 25. Rb2 Qb6 $2 {As is often seen,
mistakes do not come alone.} 26. Raa2 {Lucas resigned here which I thought was
a bit premature, but since Black will lose the d5-pawn his position is
collapsing. This win brought us the lead in the match and we went on to win
convincingly with 5.5-2.5.} 1-0

[Event "Bucharest ENE"]
[Site "Bucharest"]
[Date "1993.??.??"]
[Round "1"]
[White "Schwartzman, Gabriel"]
[Black "Timoshenko, Georgy"]
[Result "1/2-1/2"]
[WhiteElo "2480"]
[BlackElo "2505"]
[Annotator "Chekhov,V"]
[PlyCount "99"]
[EventDate "1993.??.??"]
[EventType "tourn"]
[EventRounds "11"]
[EventCountry "ROU"]
[EventCategory "8"]
[SourceTitle "CBM 040"]
[Source "ChessBase"]
[SourceDate "1994.06.01"]
[SourceVersion "1"]
[SourceVersionDate "1994.06.01"]
[SourceQuality "1"]

1. c4 {Ribli} Nf6 2. Nc3 e6 3. e4 d5 4. e5 d4 5. exf6 dxc3 6. bxc3 Qxf6 7. d4
e5 8. Nf3 (8. Qe2 $5 Be7 $1 9. dxe5 Qg6 10. Qe3 Nc6 11. Ne2 Qe6 12. Nd4 Qxe5
13. Nxc6 Qxe3+ 14. Bxe3 bxc6 15. Be2 $14 {Sveshnikov,E-Makarichev,S/Moscow/
1979/}) 8... exd4 9. Bg5 Qe6+ 10. Be2 f6 (10... d3 $2 11. O-O $1 Be7) (10...
Be7 11. cxd4 Bxg5 12. Nxg5 Qe7 13. Qd2 $14 {Karpov,A-Yusupov,Y/Linares/1991/0,
5 (68)}) (10... Be7 {Ribli Adorjan,A-Petrosian,A/Shenzen/1992/CBM31/}) 11. Nxd4
Qf7 12. Bf4 Bc5 (12... c6 $6 13. Bg4 $1 Na6 14. O-O Be7 15. Bxc8 Rxc8 16. Nf5
O-O 17. Nxe7+ Qxe7 18. Bd6 $18 {Renet,O-Van Gisbergen,S/Groningen/1992/}) 13.
O-O O-O 14. Nb5 (14. Nb3 Na6 15. Nxc5 Nxc5 16. Be3 $14 {Stohl/}) (14. Qc2 Na6
15. Rab1 Rd8 16. Rfd1 c6 17. Rd3 Bf8 $10 {Lautier,J-Yusupov,A/Munchen/1993/0,5
(50) Inf 57/17/}) 14... Na6 15. Qd5 c6 16. Qxf7+ Rxf7 17. Nd6 Re7 (17... Bxd6
$6 {Ribli} 18. Bxd6 c5 19. Rfe1 $14 {Shabtai,R-Unzicker,F/Budapest ExpFS/1993/}
) 18. Rfe1 g5 19. Nxc8 $5 $146 (19. Bg3 {Ribli} f5 $13 {Reinderman,D-Hauchard,
A/Brussels zt/1993/EXP34/}) 19... Rxc8 20. Bg4 Rxe1+ (20... Rce8 21. Bd2 $14)
21. Rxe1 $16 Rd8 22. Bc1 $14 (22. Bg3 {Ribli} Rd2 23. h4 gxh4 24. Bxh4 Rxa2 25.
Re8+ Kg7 26. Rd8 $44) 22... Kg7 23. Bf5 Nc7 (23... h5 $5) 24. g4 Ne8 $6 (24...
Re8 $5 25. Rd1 Re7 {/\Ne8-d6/}) 25. Be3 $1 Bxe3 26. Rxe3 Nd6 (26... Kf7 27.
Bxh7) 27. Re7+ Kg8 (27... Kf8 28. Rxh7 Nxf5 29. Rh8+ Ke7 30. Rxd8 Kxd8 31. gxf5
Ke7 32. Kg2 Kd6 33. Kg3 Ke5 34. Kg4 $18) 28. Bxh7+ Kf8 29. Rc7 Nxc4 30. Rxb7 a5
31. Ra7 $5 (31. Kg2 $5 Rd2 32. Rb8+ Ke7 33. Bg8 Ne5 34. h3 Rc2 35. Ra8) 31...
Rd1+ $1 (31... Rd2 $6 32. Ra8+) 32. Kg2 Rc1 33. Be4 (33. Ra6 $2 Rxc3 34. Rxc6
$4 Ne3+ $19) 33... Rxc3 34. Bxc6 Ne5 35. Be4 (35. Bd7 Nxd7 36. Rxd7 Rc2 $10) (
35. Bd5 Nxg4 36. Rxa5 (36. h3 Rc5 $1) 36... Rc2) 35... Rc4 36. f3 (36. Bf5 $2
Ra4 37. Be6 Nxg4) 36... Nxg4 37. Rxa5 Ne5 38. h3 (38. a4 {Ribli} g4 $1) 38...
Ke7 39. a4 Rc3 40. Ra6 $6 (40. Ra7+ $5 Kd6 41. Ra6+) 40... Ra3 41. Ra8 (41. Bd5
Rd3 $1) 41... Nc4 42. Kg3 Ke6 $1 43. Ra6+ Ke5 44. Kg4 Ra1 45. Kh5 Rh1 46. Kg6
Rxh3 47. Rxf6 Rh6+ $1 $10 48. Kxh6 Kxf6 49. Kh5 Na5 50. Kg4 (50. Kg4 Nc4 51.
Bd5 Na5 52. Kg3 Ke5 $10) 1/2-1/2

[Event "Aruba"]
[Site "Aruba"]
[Date "1992.??.??"]
[Round "4"]
[White "Gulko, Boris F"]
[Black "Pliester, Leon"]
[Result "1-0"]
[WhiteElo "2560"]
[BlackElo "2355"]
[Annotator "Dautov,R"]
[PlyCount "71"]
[EventDate "1992.03.??"]
[EventType "tourn"]
[EventRounds "9"]
[EventCountry "NAU"]
[EventCategory "11"]
[SourceTitle "CBM 030"]
[Source "ChessBase"]
[SourceDate "1992.10.01"]
[SourceVersion "1"]
[SourceVersionDate "1992.10.01"]
[SourceQuality "1"]

1. c4 {Ribli} e6 2. Nc3 Nf6 3. e4 d5 4. e5 d4 5. exf6 dxc3 6. bxc3 Qxf6 7. d4
e5 8. Nf3 exd4 9. Bg5 Qe6+ 10. Be2 Be7 (10... d3 $6 11. O-O $1 Bd6 12. Bxd3 O-O
13. Re1 Qd7 14. c5 Bxc5 15. Ne5 Qd6 16. Qh5 $16 {Cramling,D-Ornstein,A Gausdal
1980}) (10... f6 11. Nxd4 Qf7 12. Bf4 c6 13. O-O Be7 14. Re1 O-O 15. Qc2 Na6
16. Rad1 Nc5 $10 {Mateu,X-Rivas Pastor,M Espana 1981}) 11. cxd4 (11. Bxe7 d3 $1
12. O-O Qxe7 13. Bxd3 O-O 14. Qc2 h6 15. Rae1 Qf6 16. Ne5 Na6 $10 {Adorjan,
A-Speelman,J Banjaluka 1983}) 11... Bxg5 12. Nxg5 Qe7 13. Qd2 Nc6 $6 {N} (13...
O-O 14. O-O h6 15. Nf3 Bg4 (15... Nd7 $14) 16. Rab1 c6 17. Rfe1 Qc7 18. h3 Bf5
19. Rbd1 Nd7 20. d5 Rad8 21. d6 $16 {Soffer,R-Nagatz,F Bad Lauterberg 1991}) (
13... O-O 14. O-O Nd7 15. Rfe1 Nf6 16. Bd3 Qd6 17. c5 Qd8 $14 {Christiasen,
L-Lein,A,Philadelphia 1990,49/19}) 14. d5 Nd4 15. Qxd4 Qxg5 16. O-O O-O 17. Bf3
$16 a5 (17... Bd7 18. Rae1 b6 19. d6 c5 20. Qd5 Qxd5 21. Bxd5 Rad8 22. Re7 $16)
18. Rfe1 Ra6 19. Re5 Qd8 20. Rae1 Rf6 21. Qe3 {<-> e} Bd7 (21... b6 22. Re8 Qd6
23. Qe7 $18) 22. c5 Rf5 23. Rxf5 Bxf5 24. h3 b6 25. Qe5 g6 26. g4 Bd7 (26...
Bc8 27. c6 $16 {><c7}) 27. d6 c6 (27... Re8 28. dxc7 Qc8 29. Qxe8+ Bxe8 30.
cxb6 $18) (27... cxd6 28. Qxd6 bxc5 29. Rd1 $18) 28. Qd4 bxc5 (28... b5 {Ribli}
29. Re7 $16) 29. Qxc5 Qf6 30. Kg2 Re8 $2 (30... a4 $142 $16) (30... Rc8 {Ribli}
31. Re7 $18) 31. Rxe8+ Bxe8 32. Bxc6 Bxc6+ 33. Qxc6 Kg7 34. Qd5 Qd8 35. d7 Kf8
36. Qc5+ 1-0

[Event "Interpolis-01"]
[Site "Tilburg"]
[Date "1977.09.27"]
[Round "4"]
[White "Miles, Anthony John"]
[Black "Sosonko, Gennadi"]
[Result "1-0"]
[WhiteElo "2555"]
[BlackElo "2530"]
[Annotator "Ftacnik,L"]
[PlyCount "69"]
[EventDate "1977.09.23"]
[EventType "tourn"]
[EventRounds "11"]
[EventCountry "NED"]
[EventCategory "14"]
[SourceTitle "MCL"]
[Source "ChessBase"]
[SourceDate "1999.07.01"]
[SourceVersion "1"]
[SourceVersionDate "1999.07.01"]
[SourceQuality "1"]

1. c4 Nf6 2. Nc3 e6 3. e4 d5 (3... c5 $142) 4. e5 d4 5. exf6 dxc3 6. bxc3 Qxf6
7. d4 c5 (7... b6 8. Nf3 Bb7 9. Bd3 $14 Bd6 $2 10. Bg5 $1 Bxf3 11. Qd2 $16 {
Miles-Sosonko/IBM/1977/}) 8. Nf3 cxd4 (8... h6 $5) 9. Bg5 (9. cxd4 Bb4+ $10)
9... Qf5 10. cxd4 Bb4+ 11. Bd2 Nc6 12. Bxb4 Nxb4 13. Rb1 $1 Qa5 (13... Nc6 14.
Bd3 Qf6 15. Be4 O-O 16. O-O Rd8 17. Bxc6 bxc6 18. Qa4 e5 $10 {Tal-Sosonko/Wijk/
1976/}) (13... Nc2+ 14. Kd2 Na3 15. Rb3 Qa5+ 16. Kc1 $16) 14. Qd2 Nc6 15. Bd3
Qxd2+ (15... Ke7 16. d5 Qxd2+ 17. Kxd2 Na5 18. Rhe1 $14 {Miles}) 16. Kxd2 b6 {
/\ Ba6, Na5} 17. Rhc1 $1 $14 (17. Be4 Bb7 {/\ Na5=}) 17... Ba6 $2 $18 (17...
Bb7 $142 $16 {_|_}) 18. Be4 (18. c5 Bxd3 19. Kxd3 Ne7 $1 $14) 18... Bb7 $2 (
18... Rc8 19. c5 $18 {Sosonko} Na5 20. cxb6 axb6 (20... Nc4+ $2 21. Rxc4 $18)
21. Rxc8+ (21. Rxb6 Nc4+ 22. Rxc4 Bxc4 23. Bc6+ Kf8 24. Ne5 Bxa2 $13) 21...
Bxc8 22. Bd3 $16 {Miles} (22. Kc3 $16)) 19. c5 f5 (19... Na5 20. Bxb7 Nxb7 21.
cxb6 axb6 22. Rxb6 $18) 20. Bxc6+ Bxc6 21. cxb6 Bxf3 22. b7 $1 $18 Kd7 (22...
Bxb7 23. Rxb7 $18) (22... Rb8 23. Rc8+ Kf7 24. Rxh8 Rxh8 25. b8=Q Rxb8 26. Rxb8
Bxg2 27. Rb5 a6 28. Rb6 Bf1 29. Ke3 $18 {Sosonko}) 23. bxa8=B Bxa8 24. Rc5 Bxg2
(24... Bd5 25. Ra5 Ra8 26. f3 $18) 25. Rg1 Be4 26. Rxg7+ Kd6 27. Ra5 (27. Rxa7
$18) 27... Rb8 28. Ra6+ Kd5 29. Rd7+ Kc4 30. Ra4+ Kb5 31. Raxa7 f4 32. Kc3 Kb6
33. Rdc7 Rg8 34. a4 Rg2 35. Kb4 (35. Kb4 Rg5 36. a5+ Rxa5 37. Rxa5 Kxc7 38. Kc5
$18) 1-0

[Event "Bundesliga 0506"]
[Site "Germany"]
[Date "2005.12.10"]
[Round "5.8"]
[White "Biebinger, Gerhard"]
[Black "Wegener, Olaf"]
[Result "1-0"]
[WhiteElo "2309"]
[BlackElo "2404"]
[Annotator "Ftacnik,L"]
[PlyCount "45"]
[EventDate "2005.10.21"]
[EventType "team-tourn"]
[EventRounds "15"]
[EventCountry "GER"]
[SourceTitle "CBM 111"]
[Source "ChessBase"]
[SourceDate "2006.04.04"]
[SourceVersion "1"]
[SourceVersionDate "2006.04.04"]
[SourceQuality "1"]
[WhiteTeam "Kirchheim"]
[BlackTeam "Muelheim Nord"]
[WhiteTeamCountry "GER"]
[BlackTeamCountry "GER"]

1. c4 Nf6 2. Nc3 e6 3. e4 d5 4. e5 d4 5. exf6 dxc3 6. bxc3 Qxf6 7. Nf3 e5 8.
Bd3 Bd6 9. O-O Na6 10. Re1 Bg4 11. Be4 Nc5 12. d4 Nxe4 13. Rxe4 Qg6 14. Qa4+ $5
$146 {[%mdl 8] The players at the bottom board have managed to play a
theoretically very interesting game. Biebinger's novelty 14.Qa4+ seems to be
very logical.} (14. Qe2 Bxf3 15. Qxf3 f5 16. Re1 e4 17. c5 O-O 18. Qd1 Be7 19.
Qb3+ Kh8 20. Qxb7 Rae8 21. Qxc7 Bd8 22. Qg3 {1-0 Pham Minh Hoang -Csonkics,T /
Budapest 1998/ (33)}) 14... c6 $2 (14... Bd7 $2 15. Nxe5 $1 $18) (14... Kf8 $5
15. Re3 e4 16. Nd2 Qh5 17. h3 Bd1 18. Qd7 Bc2 19. Re1 $14) 15. Rxe5+ $1 Bxe5
16. Nxe5 Qe4 17. Ba3 {White has achieved a dream attacking position, black did
not manage to put a a real resistance.} f6 (17... O-O-O 18. Qxa7 Be6 19. Bb4
$18) (17... Be6 18. Nf3 a5 19. Re1 Qd3 20. d5 b5 21. Qb3 $18) 18. Nxg4 Qxg4 19.
Re1+ Kf7 (19... Kd7 20. Re7+ Kc8 21. Qb3 b5 22. h3 Qf5 23. Bd6 $18) (19... Kd8
20. Re7 (20. h3 Qc8 21. Re7 Re8 22. Qa5+ b6 23. Rxe8+ Kxe8 24. Qh5+ Kd8 25.
Qxh7 Kc7 26. Qxg7+ Qd7 27. Qxf6 $18) 20... Re8 21. h3 Qf5 22. Rxe8+ Kxe8 23.
Qb4 c5 24. Qxb7 Rd8 25. Qxg7 $18) 20. Re7+ Kg8 (20... Kg6 21. Qc2+ f5 (21...
Kh6 22. h3 Qh5 23. Rxb7 $18) 22. h3 Qg5 23. Re3 Kf7 24. Qb3 Rhb8 25. Bd6 $18)
21. h3 {Solving the problem of the basic rank. Black pieces are miserbaly
coordinated in the battle with unified white forces.} Qf5 22. Qb3 b6 (22... Qg6
23. Qxb7 Re8 24. Rd7 h5 25. Qxc6 $18) 23. g4 $1 (23. g4 $1 Qf3 (23... Qg6 24.
c5+ Kf8 25. cxb6 c5 26. Bxc5 axb6 27. Rf7+ $18) 24. Re3 $18) 1-0

[Event "Olympiad-32"]
[Site "Yerevan"]
[Date "1996.10.01"]
[Round "14.1"]
[White "Gelfand, Boris"]
[Black "Yegiazarian, Arsen"]
[Result "1-0"]
[WhiteElo "2665"]
[BlackElo "2455"]
[Annotator "Gelfand,B"]
[PlyCount "97"]
[EventDate "1996.09.15"]
[EventType "team-swiss"]
[EventRounds "14"]
[EventCountry "ARM"]
[SourceTitle "CBM 055"]
[Source "ChessBase"]
[SourceDate "1996.12.01"]
[SourceVersion "1"]
[SourceVersionDate "1996.12.01"]
[SourceQuality "1"]
[WhiteTeam "Belarus"]
[BlackTeam "Armenia III"]
[WhiteTeamCountry "BLR"]
[BlackTeamCountry "ARM"]

1. c4 Nf6 2. Nc3 e6 3. e4 d5 4. e5 d4 5. exf6 dxc3 6. bxc3 Qxf6 7. Nf3 e5 8.
Bd3 Nc6 9. O-O Bd6 10. Rb1 $5 $146 {xb7} (10. Re1 O-O 11. Qc2 h6 12. Be4 Bd7
13. Bb2 Na5 14. c5 Bxc5 15. d4 exd4 16. cxd4 Bb6 17. d5 Qf4 18. Be5 Qg4 19.
Bh7+ Kh8 20. Re4 Qxf3 21. gxf3 Kxh7 22. Bc3 {1-0 Kortchnoi,V-Lepelletier,B/
Cannes Generations 1996}) 10... O-O 11. Qc2 h6 12. Be4 Qe6 $1 $8 13. d3 Nd8 14.
d4 $5 (14. Re1 c6 15. d4 f5 16. dxe5 fxe4 17. exd6 Qxd6 18. Nd2 Qd3 19. Qb3 Bf5
20. Re3 Qd7 21. Nxe4 Re8 22. Nc5 Qf7 $44 (22... Rxe3 23. Bxe3 Qf7 24. Rd1 b6
25. Nd3)) 14... Qxc4 15. Bd3 Qe6 16. Re1 Nc6 (16... f6 17. c4 (17. Nh4 f5 18.
dxe5 Bc5 19. Qe2 $14) 17... c5 18. Ba3 Qe7 19. Nh4 Qc7 20. dxe5 Bxe5 21. Bh7+
Kh8 22. Ng6+ Kxh7 23. Nxf8+ Kg8 24. Ng6 $16) 17. dxe5 $6 (17. c4 Nb4 18. Rxb4
Bxb4 19. Rxe5 Qf6 $143 $44) (17. Be4 f5 (17... Qc4 18. Nd2) (17... Na5 18. Nxe5
Bxe5 19. Bh7+ Kh8 20. Rxe5) 18. Bxc6 (18. d5 Qf6 19. dxc6 fxe4) 18... bxc6 19.
dxe5 Be7 20. Nd4 Qd5 21. Qb3 $5 $16 (21. Qa4 Bd7 22. e6 Be8 23. Bf4 $16)) 17...
Bc5 18. Qe2 Ne7 19. Qe4 Qf5 $1 (19... f5 20. exf6 Qxe4 21. Bxe4 Rxf6 22. Bxb7
Bxb7 23. Rxb7 $16) 20. Qc4 Be6 21. Qb5 a6 22. Qxc5 Qxd3 23. Bxh6 $1 (23. Rxb7
Bd5 24. Rxc7 Bxf3 25. gxf3 Nf5 $143 $44) 23... Nd5 (23... Nf5 24. Bg5 Bxa2 25.
Rbd1 Qb5 (25... Qc4 26. Qa3 Qb3 27. Qc1 $36) 26. Qxb5 axb5 27. g4 Nh6 28. h3
$14) 24. Bd2 b6 (24... Bg4 25. Qd4 Qxd4 26. cxd4 (26. Nxd4 c5 27. Nb3 b6 $44)
26... b6 (26... Bxf3 27. gxf3 b6 28. f4 f5 (28... g6 29. Rb3) 29. e6 $36) 27.
Ng5 $14) 25. Qd4 Qc2 26. Qh4 (26. Rec1 $5 Qxa2 27. Ra1 Qb2 28. Qe4) 26... Rfe8
27. Rec1 Qxa2 28. Ra1 Qb2 (28... Qb3 29. c4 Ne7 30. Ng5 Bf5 31. Bc3 $36) 29.
Qe4 Ne7 30. c4 $1 $16 {xQb2} (30. Rcb1 Bf5 31. Qxf5 Qxa1 (31... Qxd2 32. Qh5
Qd3)) 30... Bf5 31. Qe3 Rad8 32. Bc3 Qb3 33. Nd2 Rxd2 34. Qxd2 (34. Bxd2 Qxe3
35. Bxe3 a5 36. c5 Nd5 $16) 34... Qxc4 35. e6 $5 (35. Bd4 Qe6 36. Rxc7 Nd5 $16)
35... Qxe6 36. Re1 Qd7 (36... Qc4 37. Rxe7 (37. Rac1 Qh4) 37... Rxe7 38. Qd8+
Kh7 39. Bxg7 Kxg7 40. Qxe7 Qc3 41. Re1 $16) 37. Qg5 Bg6 38. Rad1 Qf5 39. Qg3 f6
(39... Qc8 40. h4 $16) 40. Qxc7 Nd5 41. Qc4 (41. Rxe8+ Bxe8 42. Qd8 Nxc3 43.
Qxe8+ Kh7 44. Re1 b5 $16) 41... Rxe1+ (41... Rc8 42. Qxd5+ Qxd5 43. Rxd5 Rxc3
44. Rd6 Rb3 45. h4 $16) 42. Bxe1 Bf7 43. Qxa6 Nf4 44. f3 Bd5 $2 (44... Qc2 45.
Qa8+ Kh7 46. Qe4+ Qxe4 47. fxe4 Bg6 48. Bd2 (48. e5 $5) 48... Nd3 49. Rb1 Bxe4
50. Rxb6 $16) (44... b5 45. Qa8+ (45. Rd8+ Kh7 46. Qc8 Be6) 45... Kh7 46. Qe4
Qxe4 47. fxe4 Bg6 48. Bd2 $16) 45. Qxb6 $18 Qg5 (45... Qc2 46. Rd2 Qc1 47. Qe3)
(45... Qg6 46. Qb8+ Kh7 47. Qxf4) (45... Nxg2 46. Rxd5) 46. Bg3 Ne2+ 47. Kf2
Nc3 48. Rd3 f5 (48... Qc1 49. Qd8+ Kh7 50. Rxd5) (48... Bc4 49. Qd8+ Kh7 50.
Rxc3 Qc5+ 51. Re3) 49. Qe3 1-0